000 00473nmm a2200169Ia 4500
008 251105s9999||||xx |||||||||||||||||und||
020 _a9788433998637
041 _aspa
100 _aGainza, María
245 0 _aLa luz negra
264 _a[Madrid, España] :
_bEditorial Anagrama,
_c2018
300 _a141 páginas
490 _aNarrativas hispánicas
650 _aLatin American narrative
856 _uhttps://public.digitaliapublishing.com/a/79939
942 _cCF
999 _c82034
_d82034